|
|
|
|
| LEADER |
00962nam a22002417a 4500 |
| 001 |
AAL4374 |
| 003 |
BD-DhAAL |
| 005 |
20160324102123.0 |
| 008 |
160324m19961926bg ||||| |||| 00| 0 ben d |
| 020 |
|
|
|a 9840501739
|
| 040 |
|
|
|a BD-DhAAL
|c BD-DhAAL
|
| 082 |
|
|
|a 915.1/03
|
| 100 |
|
|
|a মালরো, আদ্রেঁ
|9 18773
|
| 245 |
|
|
|a পাশ্চাত্যের প্রলোভন
|c আদ্রেঁ মালরো,
|
| 260 |
|
|
|a ঢাকা :
|b ইউনিভার্সিটি প্রেস,
|c ১৯৯৬
|
| 300 |
|
|
|a ৯৬ পৃ. :
|b চিত্র ;
|c ২২ সে.মি.
|
| 541 |
|
|
|e 4374
|
| 650 |
|
|
|a Civilization
|9 18774
|
| 651 |
|
|
|a China
|x Civilization
|9 18775
|
| 852 |
|
|
|a Savar Campus Library
|c General Shelf
|
| 942 |
|
|
|2 ddc
|c BK
|
| 999 |
|
|
|c 37216
|d 37216
|
| 952 |
|
|
|0 0
|1 0
|2 ddc
|4 0
|6 915_100000000000000_03_MAL
|7 0
|9 58505
|a SCL
|b SCL
|c GEN
|d 2016-03-24
|g 150.00
|l 2
|o 915.103 MAL
|p 3020004374
|r 2025-11-16
|s 2025-11-08
|t 1
|w 2016-03-24
|y BK
|